| 000 | 01052nam a2200313 i 4500 | ||
|---|---|---|---|
| 001 | 192190 | ||
| 003 | ES-MaACL | ||
| 005 | 20250805062618.0 | ||
| 008 | 221113s2017 sp r 001 0 spa c | ||
| 017 |
_aAS 374-2016 _bOficina Depósito Legal Asturias |
||
| 020 | _a9788494647338 | ||
| 040 |
_aSpMaUCTR _bspa _cES-MaACL |
||
| 080 |
_a316.62 _22015 |
||
| 100 | 1 |
_aCerdeira, Isabel. _9175754 _eaut |
|
| 245 | 1 | 0 |
_aNovelas e historias de vida / _cIsabel Cerdeira Gutiérrez. |
| 250 | _a1ª edición: enero, 2017 | ||
| 260 |
_aSiero, Asturias : _bSapere Aude, _c2017. |
||
| 300 |
_a179 páginas ; _c21 cm. |
||
| 490 | 1 | _aSociología clínica | |
| 500 | _aÍndice | ||
| 504 | _aBibliografía: páginas 173-179. | ||
| 650 | 0 | 7 |
_aSociología _2embne _917195 |
| 830 | 0 |
_aSociología clínica _9226111 |
|
| 852 | 4 |
_aES-MaACL _jN-8132 _bR. 153216 _cDEPOJ _hDonación: Isabel Cerdeira _9199472 |
|
| 903 |
_9175754 _aCerdeira, Isabel _ednr |
||
| 942 |
_cMONOGRAFIA _n0 |
||
| 999 |
_c192190 _d192190 |
||